|
|
|
|
| LEADER |
00686nta a2200193 i 4500 |
| 001 |
dipl144991 |
| 005 |
20250327113133.0 |
| 008 |
250327s1995 hu om 000 ger d |
| 040 |
|
|
|a SZTE Diploma Repozitórium
|b hun
|
| 041 |
|
|
|a ger
|
| 100 |
1 |
|
|a Kocsor Szilvia
|
| 245 |
1 |
0 |
|a Ungarisch - deutsche kontrastive Untersuchungen im Bereich der Bildung von Substantiven
|h [elektronikus dokumentum] /
|c Szilvia Kocsor
|
| 260 |
|
|
|c 1995
|
| 650 |
|
4 |
|a Bölcsészettudományok
|
| 650 |
|
4 |
|a Humanities
|
| 650 |
|
4 |
|a Languages and Literature
|
| 650 |
|
4 |
|a Linguistics
|
| 700 |
0 |
1 |
|a Hansel István
|e ths
|
| 856 |
4 |
0 |
|u https://diploma.bibl.u-szeged.hu/id/eprint/144991/1/1995_kocsor_szilvia.pdf
|z Dokumentum-elérés
|